<?xml version="1.0" encoding="UTF-8"?>
<record
    xmlns:xsi="http://www.w3.org/2001/XMLSchema-instance"
    xsi:schemaLocation="http://www.loc.gov/MARC21/slim http://www.loc.gov/standards/marcxml/schema/MARC21slim.xsd"
    xmlns="http://www.loc.gov/MARC21/slim">

  <leader>00960nam a22002297a 4500</leader>
  <controlfield tag="003">OSt</controlfield>
  <controlfield tag="005">20221213153551.0</controlfield>
  <controlfield tag="008">221213s2015    ck a|||gr|||| 00| j spa d</controlfield>
  <datafield tag="020" ind1=" " ind2=" ">
    <subfield code="a">9789584244949</subfield>
  </datafield>
  <datafield tag="040" ind1=" " ind2=" ">
    <subfield code="a">CO-JMCR</subfield>
    <subfield code="c">CO-JMCR</subfield>
  </datafield>
  <datafield tag="041" ind1="0" ind2=" ">
    <subfield code="a">spa</subfield>
  </datafield>
  <datafield tag="082" ind1="0" ind2="4">
    <subfield code="a">C /</subfield>
    <subfield code="b">ANTa</subfield>
  </datafield>
  <datafield tag="245" ind1="0" ind2="0">
    <subfield code="a">Ant-Man</subfield>
  </datafield>
  <datafield tag="250" ind1=" " ind2=" ">
    <subfield code="a">Primera edici&#xF3;n</subfield>
  </datafield>
  <datafield tag="260" ind1=" " ind2=" ">
    <subfield code="a">Bogot&#xE1; : </subfield>
    <subfield code="b">Planeta Junior, </subfield>
    <subfield code="c">2015</subfield>
  </datafield>
  <datafield tag="300" ind1=" " ind2=" ">
    <subfield code="a">16 p&#xE1;ginas : </subfield>
    <subfield code="b">ilustraciones a color ; </subfield>
    <subfield code="c">27 cm</subfield>
  </datafield>
  <datafield tag="490" ind1="0" ind2=" ">
    <subfield code="a">Descubre mi mundo</subfield>
  </datafield>
  <datafield tag="520" ind1="3" ind2=" ">
    <subfield code="a">&#xBF;C&#xF3;mo es que un ladr&#xF3;n logra tener acceso a un traje de alta tecnolog&#xED;a? &#xA1;la respuesta no es tan sencilla! Scott Lang es contratado por el Dr. Hank Pym para proteger la tecnolog&#xED;a de un traje que permite a su usuario disminuir el tama&#xF1;o, pero aumentar en fuerza. &#xBF;Pero qui&#xE9;nes son los que ponen en peligro la seguridad de su traje? &#xA1;Desc&#xFA;brelo en este libro!</subfield>
  </datafield>
  <datafield tag="650" ind1="1" ind2="4">
    <subfield code="a">Cuentos infantiles</subfield>
  </datafield>
  <datafield tag="650" ind1="2" ind2="4">
    <subfield code="a">Actividades para ni&#xF1;os</subfield>
    <subfield code="9">42536</subfield>
  </datafield>
  <datafield tag="942" ind1=" " ind2=" ">
    <subfield code="2">ddc</subfield>
    <subfield code="c">BK</subfield>
  </datafield>
  <datafield tag="999" ind1=" " ind2=" ">
    <subfield code="c">29800</subfield>
    <subfield code="d">16184</subfield>
  </datafield>
  <datafield tag="952" ind1=" " ind2=" ">
    <subfield code="0">0</subfield>
    <subfield code="1">0</subfield>
    <subfield code="2">ddc</subfield>
    <subfield code="4">0</subfield>
    <subfield code="7">0</subfield>
    <subfield code="a">CPL</subfield>
    <subfield code="b">CPL</subfield>
    <subfield code="d">2022-12-13</subfield>
    <subfield code="l">12</subfield>
    <subfield code="o">C / ANTa</subfield>
    <subfield code="p">201811492</subfield>
    <subfield code="r">2025-10-06 10:01:31</subfield>
    <subfield code="s">2025-10-06</subfield>
    <subfield code="t">Ej.1</subfield>
    <subfield code="w">2022-12-13</subfield>
    <subfield code="y">BK</subfield>
  </datafield>
</record>
